Normal view
MARC view
- GULF WAR -MILITARY LESSONS
Entry Topical Term
001 - CONTROL NUMBER
- control field: 64218
003 - CONTROL NUMBER IDENTIFIER
- control field: NUST
005 - DATE AND TIME OF LATEST TRANSACTION
- control field: 20210628203236.0
008 - FIXED-LENGTH DATA ELEMENTS
- fixed length control field: 210628|| aca||aabn | a|a d
040 ## - CATALOGING SOURCE
- Original cataloging agency: NUST
- Transcribing agency: NUST
150 ## - HEADING--TOPICAL TERM
- Topical term or geographic name entry element: GULF WAR -MILITARY LESSONS
670 ## - SOURCE DATA FOUND
- Source citation: Work cat.: (NUST): Watson, Bruce .W , George, Bruce 64217, Military lessons of the gulf war, 1992
